00517 2200193 4500245006500000020002200065250002200087100001200109700001900121650002100140005001900161260005700180041001400237084000800251300002400259336000900283337001000292338002100302 aBahasa Indonesia untuk SMA/MA/SMK/MAK Kelas XcSuherlihText a978-602-427-099-5 aEd. Revisi Cet. 4 aSuherli aMaman Suryaman aBahasa Indonesia a20230616072302 aJakartabKementerian Pendidikan dan Kebudayaanc2017 aIndonesia a410 avi, 290 hlm. :cPDF atext aother aother (computer)